<?xml version="1.0" encoding="UTF-8"?>
<marc:record xmlns:marc="http://www.loc.gov/MARC21/slim">
   <marc:leader>00000nam a2200000 a 4500</marc:leader>
   <marc:datafield ind1=" " ind2=" " tag="653">
      <marc:subfield code="a">Sonstige-Hörbuch</marc:subfield>
   </marc:datafield>
   <marc:datafield ind1=" " ind2=" " tag="653">
      <marc:subfield code="a">Tonies</marc:subfield>
   </marc:datafield>
   <marc:datafield ind1=" " ind2=" " tag="653">
      <marc:subfield code="a">Liederhörbuch</marc:subfield>
   </marc:datafield>
   <marc:datafield ind1=" " ind2=" " tag="653">
      <marc:subfield code="a">Musik</marc:subfield>
   </marc:datafield>
   <marc:datafield ind1=" " ind2=" " tag="653">
      <marc:subfield code="a">Kinderlieder</marc:subfield>
   </marc:datafield>
   <marc:datafield ind1=" " ind2=" " tag="653">
      <marc:subfield code="a">Lieder</marc:subfield>
   </marc:datafield>
   <marc:datafield ind1="0" ind2="0" tag="245">
      <marc:subfield code="a">Milo, das Müllautokind &amp; seine Freunde [Tonie]</marc:subfield>
   </marc:datafield>
   <marc:datafield ind1="0" ind2="0" tag="245">
      <marc:subfield code="b">Abenteuer in der großen Stadt. Musik ab 3</marc:subfield>
   </marc:datafield>
   <marc:datafield ind1=" " ind2="1" tag="264">
      <marc:subfield code="b">Family Screen GmbH</marc:subfield>
      <marc:subfield code="c">2024</marc:subfield>
   </marc:datafield>
   <marc:datafield ind1="1" ind2=" " tag="490">
      <marc:subfield code="a">Hörfigur für Toniebox</marc:subfield>
   </marc:datafield>
   <marc:datafield ind1="1" ind2=" " tag="520">
      <marc:subfield code="a">SING KINDERLIEDER präsentiert auf diesem Tonie neben dem “Müllauto-Song” auf über 60 Minuten 20 brandneue Lernlieder rund um die Themen Stadt, Stadtfahrzeuge und Verkehr sowie Müll, Mülltrennung und Müllentsorgung. &#xD;
Die originellen, lustigen und liebevoll geschriebenen Lieder sind fantastisch arrangiert und laden Kinder zum Mitsingen, Mittanzen und Lachen ein! &#xD;
&#xD;
Titelliste:&#xD;
01 - Der Müllauto-Song (Tut-tut, wir brausen durch die Stadt)&#xD;
02 - Billy Betonmischer (Drehen und mischen)&#xD;
03 - Ich kann das ganz allein (Das Mülltrennungslied)&#xD;
04 - Kira Kehrmaschine&#xD;
05 - Öffis, Öffis, Öffis (Wir sind die Öffis!)&#xD;
06 - Das Hundekacka-Lied&#xD;
07 - Fahrrad Fritz (Ring Ring)&#xD;
08 - Das Stadt-ABC&#xD;
09 - Dr. Sperrmüll&#xD;
10 - Rattenparty&#xD;
11 - Manni, die Müllpresse&#xD;
12 - Schorsch, der Schneepflug&#xD;
13 - Schilderwald&#xD;
14 - Der Ampelmann&#xD;
15 - Willy von der Wasserwacht&#xD;
16 - Abla Abschleppwagen (Ja, ich schlepp ab, ab, ab!)&#xD;
17 - Pippa mit der Post&#xD;
18 - Tatü Tata (Feuerwehr, Polizei, Krankenwagen)&#xD;
19 - Tilly, die Taube&#xD;
20 - In der Stadt (Das Geräuschelied)&#xD;
21 - Wenn die Stadt schlafen geht (Verlagstext)</marc:subfield>
   </marc:datafield>
   <marc:datafield ind1=" " ind2=" " tag="041">
      <marc:subfield code="a">ger</marc:subfield>
   </marc:datafield>
   <marc:datafield ind1=" " ind2=" " tag="338">
      <marc:subfield code="a">Nicht spezifiziert</marc:subfield>
   </marc:datafield>
   <marc:datafield ind1=" " ind2=" " tag="300">
      <marc:subfield code="a">1</marc:subfield>
   </marc:datafield>
</marc:record>
